| 000 | 01181nam a2200349 i 4500 | ||
|---|---|---|---|
| 001 | 59439 | ||
| 003 | CO-BoRNBP | ||
| 005 | 20251010144434.0 | ||
| 007 | ta | ||
| 008 | 250527s2024 ck a gr 000 j spa | ||
| 020 | _a9786287514980 | ||
| 040 |
_aCO-BoBN _bspa _erda _cCO-BoBN |
||
| 041 | 1 |
_aspa _heng |
|
| 043 | _an-cn | ||
| 082 | 0 | 4 |
_a823.91 _223 |
| 100 | 1 |
_aReynolds, Peter Hamilton, _eautor _965586 |
|
| 245 | 1 | 3 |
_aEl coleccionista de palabras / _cPeter Hamilton Reynolds ; de la traducción, Gemma Rovira |
| 250 | _aPrimera impresión | ||
| 264 | 1 |
_aBogotá : _bRBA, _c2024 |
|
| 300 |
_a40 páginas sin numerar : _bilustraciones a color ; _c22 cm |
||
| 336 |
_aTexto _btxt _2rdacontent |
||
| 337 |
_aSin mediacion _bn _2rdamedia |
||
| 338 |
_aVolumen _bnc _2rdacarrier |
||
| 534 | _tThe word collector | ||
| 650 | 1 | 4 |
_aCuentos infantiles canadienses _ySiglos XX-XXI _2LEMB _965587 |
| 650 | 2 | 4 |
_aPalabras _vCuentos _2LEMB _965588 |
| 650 | 2 | 4 |
_aLectura _vCuentos _2LEMB _965589 |
| 650 | 2 | 4 |
_aColeccionistas y colecciones _vCuentos _2LEMB _965590 |
| 700 | 1 |
_aRovira, Gemma, _etraductora _965591 |
|
| 942 |
_2ddc _cBK |
||
| 990 |
_a2025-2898 _bPenguin Random House Grupo Editorial SAS |
||
| 999 |
_c59439 _d59439 |
||